000 01247nam a2200337 a 4500
001 2082
003 FISKH
005 20231106092831.0
008 930601s1994 wiua j 000 0 eng
010 _a 93078490
020 _a0307302059
020 _a033500001291
040 _aDLC
_cDLC
_beng
042 _alcac
050 0 0 _aPZ8.S275
_bRt 1994
082 0 0 _a398.2/0943/045297358
_220
100 1 _aScarry, Richard.
240 1 0 _aWolf and the seven kids
245 1 0 _aRichard Scarry's the wolf and the seven kids.
260 _aNew York :
_bGolden Book,
_c1994.
300 _a24 unnumbered pages :
_bcolor illustrations ;
_c16 cm
490 0 _aA first little golden book
505 _aF
520 _aIt is a story similar to the three little pigs however it is seven baby goats who are left all alone in their home and the wolf tries to trick the kids into letting him in, in order to eat them. This story teaches kids (not the goats) a lesson of "stranger danger" and to not trust people who you do not know.
521 8 _a300
_bLexile estimate
521 8 _aF
_bRaz-Plus
650 1 _aFairy tales.
650 1 _aFolklore
_zGermany.
906 _a7
_bcbc
_corignew
_d2
_eopcn
_f19
_gy-gencatlg
942 _2ddc
_cBK
_n0
999 _c2082
_d2082